Accelerated aging of tires. Part.II (Record no. 53720)

MARC details
000 -LEADER
fixed length control field 00393nam a2200157Ia 4500
100 ## - MAIN ENTRY--AUTHOR NAME
Personal name Baldwin John M
245 #0 - TITLE STATEMENT
Title Accelerated aging of tires. Part.II
260 ## - PUBLICATION, DISTRIBUTION, ETC. (IMPRINT)
Name of publisher Rubber Chemistry and Technology
Year of publication 2005
300 ## - PHYSICAL DESCRIPTION
Number of Pages 336-353
650 ## - SUBJECT ADDED ENTRY--TOPICAL TERM
Topical Term Aging
650 ## - SUBJECT ADDED ENTRY--TOPICAL TERM
Topical Term Tire
700 ## - ADDED ENTRY--PERSONAL NAME
Personal name Bauer David R
700 ## - ADDED ENTRY--PERSONAL NAME
Personal name Ellwood Kevin R
942 ## - ADDED ENTRY ELEMENTS (KOHA)
Koha item type Journals
Holdings
Withdrawn status Lost status Damaged status Not for loan Home library Current library Shelving location Date acquired Serial Enumeration / chronology Koha item type
      Journals RRII Library RRII Library Rubber chemistry 17/12/2021 Volume 78, Issue 2 Journals